| 000 | 00747cam a22002413a 4500 | ||
|---|---|---|---|
| 001 | 3901 | ||
| 003 | PGUSA | ||
| 005 | 20140828083040.0 | ||
| 008 | 041206s2004||||xxu|||||s|||||000 | eng d | ||
| 040 |
_aPGUSA _beng |
||
| 042 | _adc | ||
| 050 | 4 | _aPQ | |
| 100 | 1 |
_aRousseau, Jean-Jacques, _d1712-1778 |
|
| 245 | 1 | 4 |
_aThe Confessions of Jean Jacques Rousseau — Volume 01 _h[electronic resource] / _cJean-Jacques Rousseau |
| 260 |
_bProject Gutenberg, _c2004 |
||
| 506 | _aPublic domain in the USA. | ||
| 516 | _aElectronic text | ||
| 653 | _aRousseau, Jean-Jacques, 1712-1778 | ||
| 653 | _aAuthors, French -- 18th century -- Biography | ||
| 830 | 0 |
_aProject Gutenberg _v3901 |
|
| 856 | 4 | 0 | _uhttp://www.gutenberg.org/ebooks/3901 |
| 942 | _cEB | ||
| 999 |
_c233230 _d233230 |
||